000 01152nam a2200325 i 4500
003 EG-GICUC
005 20260511150732.0
008 260511s1969 fr |||fr|||| 000 0 Fre d
040 _aEG-GiCUC
_bfre
_cEG-GiCUC
_dEG-GiCUC
_eRda
041 0 _afre
082 0 4 _a345.456
_bSA . D
_221
092 0 4 _221
099 _aLaw 07 345.456 SA . D 1969
100 1 _aSalon, Serge.
_eAuteur
245 2 0 _aDélinquance Et Répression Disciplinaires Dans La Fonction Publique :
_nTome LXXXVII /
_cPar Serge Salon, Marcel Waline; Préface De R.-E. Charlier
_b
264 1 _aParis :
_bLibrairie Generale De Droit Et De Jurisprudence,
_c1969.
300 _a375 Page ;
_c 24 cm.
336 _2rda contenu
_a texte
337 _2rda medias
_aOrdinateur
338 _2 transporteur rda
_a Ressource en ligne
490 _aBibliothéque De Droit Public
504 _aBibliography: pages 357-367
546 _aTexte en français
650 1 _aDroit Administratif
700 1 _aR.-E., Charlier.
_ePréfacier
700 1 _aWaline, Marcel
_eCo-Auteur
856 4 0 _uhttps://fll.law.cu.edu.eg/fulltext/bks/B07-05205.pdf
905 _a64
942 _2ddc
_n0
_cBK
_e21
999 _c76589
_d76589